| 000 | 03052nam a2200385 a 4500 | ||
|---|---|---|---|
| 001 | ebr10538012 | ||
| 003 | CaPaEBR | ||
| 006 | m u | ||
| 007 | cr cn||||||||| | ||
| 008 | 110810s2012 caua sb 001 0 eng d | ||
| 010 | _z 2011030972 | ||
| 020 | _z9781598744903 (pbk. : perm paper) | ||
| 020 | _z9781598744910 (paperback : perm paper) | ||
| 020 | _z9781611327885 (e-book) | ||
| 040 |
_aCaPaEBR _cCaPaEBR |
||
| 035 | _a(OCoLC)778339836 | ||
| 050 | 1 | 4 |
_aHV5822.Q3 _bG49 2012eb |
| 082 | 0 | 4 |
_a583/.85 _223 |
| 100 | 1 | _aGezon, Lisa L. | |
| 245 | 1 | 0 |
_aDrug effects _h[electronic resource] : _bkhat in biocultural and socioeconomic perspective / _cLisa L. Gezon. |
| 260 |
_aWalnut Creek, Calif. : _bLeft Coast Press, _c2012. |
||
| 300 |
_a263 p. : _bill. |
||
| 490 | 1 |
_aAdvances in critical medical anthropology ; _vv. 3 |
|
| 504 | _aIncludes bibliographical references and index. | ||
| 505 | 8 | _aMachine generated contents note: 1: Introduction Part I: Consumption, Identity, and Health 2: Patterns of Consumption 3: Leaf of Paradise or Scourge?: Drug Effects, Health and Legalization Part II: Indirect Effects: Production and Trade 4: Growing and Selling Khat 5: Implications for Food Security and Conservation 6: Intimate Livelihoods: Gender and Survival on the Margins Part III: The Silence of Green Gold: Drug Effects in Economies on the Margins 7: Khat on the Global Margins: Wars on Drugs, State Silence, and Alternative Development Drugs on the Global Margins 8: Tying It Together References Index About the Author. | |
| 520 |
_a"Khat, marijuana, peyote--are these dangerous drugs or vilified plants with rich cultural and medical values? In this book, Lisa Gezon brings the drug debate into the 21st century, proposing criteria for evaluating psychotropic substances. Focusing on khat, whose bushy leaves are an increasingly popular stimulant and the target of vehement anti-drug campaigns, she explores biocultural and socioeconomic contexts on local, national, and global levels. Gezon provides a multidisciplinary examination of the plant's direct physical and psychological effects, as well as indirect social and structural effects on income and labor productivity, identity, gendered relationships, global drug discourses, and food security. This sophisticated, multileveled analysis cuts through the traditional battle lines of the drug debate and is a model for understanding and evaluating psychotropic substances around the world"-- _cProvided by publisher. |
||
| 533 |
_aElectronic reproduction. _bPalo Alto, Calif. : _cebrary, _d2013. _nAvailable via World Wide Web. _nAccess may be limited to ebrary affiliated libraries. |
||
| 650 | 0 |
_aKhat _xSocial aspects. |
|
| 650 | 0 |
_aKhat _xEconomic aspects. |
|
| 650 | 0 |
_aKhat _xPolitical aspects. |
|
| 655 | 7 |
_aElectronic books. _2local |
|
| 710 | 2 | _aebrary, Inc. | |
| 830 | 0 |
_aAdvances in critical medical anthropology ; _vv. 3. |
|
| 856 | 4 | 0 |
_uhttp://site.ebrary.com/lib/rucke/Doc?id=10538012 _zAn electronic book accessible through the World Wide Web; click to view |
| 999 |
_c245714 _d245714 |
||